[Event "EU-ch U18"]
[Site "Batumi"]
[Date "2010.09.23"]
[Round "4"]
[White "Gorduladze, Giorgi"]
[Black "Demac, Elias"]
[Result "0-1"]
[WhiteElo "1809"]
[BlackElo "2226"]
[PlyCount "82"]
[EventDate "2010.09.20"]
[EventType "swiss"]
[EventRounds "9"]
[EventCountry "GEO"]
[SourceTitle "CBM 138 Extra"]
[Source "ChessBase"]
[SourceDate "2010.10.29"]
[SourceVersion "1"]
[SourceVersionDate "2010.10.29"]
[SourceQuality "1"]

1. d4 Nf6 2. Nf3 e6 3. c4 c5 4. d5 exd5 5. cxd5 d6 6. Nc3 g6 7. e4 Bg7 8. Bd3 0-0 9. 0-0 Bg4 10. h3 Bxf3 11. Qxf3 a6 12. a4 Nbd7 13. Bf4 Qe7 14. Qg3 Ne5 15. Bxe5 dxe5 16. Be2 Ne8 17. a5 Nd6 18. Qe3 c4 19. Na4 Qh4 20. Nb6 Rad8 21. f3 f5 22. Nxc4 Bh6 23. Qc3 Nb5 24. Qe1 Qf6 25. Bd3 Rfe8 26. Qb4 Bf8 27. Qb3 Bc5+ 28. Kh1 Nd4 29. Qa4 f4 30. Rac1 Ba7 31. Nd2 Re7 32. Nb3 g5 33. Nxd4 Bxd4 34. Rc2 Rg7 35. Qa3 h5 36. Be2 Kh8 37. d6 Be3 38. Rd1 g4 39. Rc7 gxh3 40. Rxg7 Qxg7 41. gxh3 Qg3 0-1

[Event "EU-ch U18"]
[Site "Batumi"]
[Date "2010.09.23"]
[Round "5"]
[White "Valsecchi, Alessio"]
[Black "Gorduladze, Giorgi"]
[Result "1/2-1/2"]
[WhiteElo "2331"]
[BlackElo "1809"]
[PlyCount "119"]
[EventDate "2010.09.20"]
[EventType "swiss"]
[EventRounds "9"]
[EventCountry "GEO"]
[SourceTitle "CBM 138 Extra"]
[Source "ChessBase"]
[SourceDate "2010.10.29"]
[SourceVersion "1"]
[SourceVersionDate "2010.10.29"]
[SourceQuality "1"]

1. d4 Nf6 2. Nf3 g6 3. c4 Bg7 4. g3 0-0 5. Bg2 c6 6. 0-0 d5 7. cxd5 cxd5 8. Ne5 Nc6 9. Nxc6 bxc6 10. Nc3 Ba6 11. Re1 Re8 12. Bf4 Nh5 13. Na4 Nxf4 14. gxf4 Qd6 15. e3 f6 16. Rc1 Bc8 17. Qc2 Bd7 18. Nc5 Rac8 19. Qa4 Rc7 20. Red1 Kh8 21. Qa6 Bc8 22. Qa5 e5 23. dxe5 fxe5 24. Nd3 e4 25. Nb4 Ree7 26. Rd2 d4 27. Qc5 Qxc5 28. Rxc5 d3 29. Rc4 Bf5 30. h3 h6 31. b3 Rc8 32. Rd1 Re6 33. Na6 Bf8 34. b4 Kg7 35. Kf1 g5 36. fxg5 hxg5 37. Ke1 g4 38. hxg4 Bxg4 39. Rdc1 Rd8 40. Kd2 Rf6 41. f4 Rh6 42. Rxe4 Rh2 43. Rg1 Bh3 44. Re5 Rd5 45. Rxd5 cxd5 46. Kxd3 Rxg2 47. Rxg2+ Bxg2 48. Kd4 Kf6 49. a4 Ke6 50. Nc7+ Kd7 51. Nxd5 Bxd5 52. Kxd5 Bxb4 53. e4 a5 54. e5 Ke7 55. f5 Ba3 56. Kc6 Bb2 57. Kd5 Ba3 58. Kd4 Bb2+ 59. Ke4 Bc3 60. Kd5 1/2-1/2

[Event "EU-ch U18"]
[Site "Batumi"]
[Date "2010.09.22"]
[Round "3"]
[White "Stanciu, Alexandru Ovidiu"]
[Black "Gorduladze, Giorgi"]
[Result "1-0"]
[WhiteElo "2280"]
[BlackElo "1809"]
[PlyCount "64"]
[EventDate "2010.09.20"]
[EventType "swiss"]
[EventRounds "9"]
[EventCountry "GEO"]
[SourceTitle "CBM 138 Extra"]
[Source "ChessBase"]
[SourceDate "2010.10.29"]
[SourceVersion "1"]
[SourceVersionDate "2010.10.29"]
[SourceQuality "1"]

1. d4 Nf6 2. c4 g6 3. e4 d6 4. Nc3 Bg7 5. f3 0-0 6. Bg5 c6 7. Qd2 Qc7 8. Nge2 Nbd7 9. Rc1 a5 10. Ng3 e5 11. d5 Nc5 12. Be2 Ne8 13. 0-0 f5 14. exf5 gxf5 15. Kh1 Nf6 16. f4 e4 17. Nd1 a4 18. Ne3 Ne8 19. Rb1 Qb6 20. Bh5 Nf6 21. Bd1 cxd5 22. cxd5 Ne8 23. Bh5 Nf6 24. Bd1 Ne8 25. Be7 Rf7 26. Bh4 Rf8 27. Nh5 Bd7 28. Nxg7 Kxg7 29. Qd4+ Kg8 30. Be2 Bb5 31. Bxb5 Qxb5 32. g4 Qe2 1-0

[Event "Poti Aleksandria Cup 5th"]
[Site "Poti"]
[Date "2010.07.15"]
[Round "5"]
[White "Gorduladze, Giorgi"]
[Black "Kilasonia, Levan"]
[Result "0-1"]
[WhiteElo "1812"]
[BlackElo "2073"]
[PlyCount "70"]
[EventDate "2010.07.11"]
[EventType "swiss"]
[EventRounds "9"]
[EventCountry "GEO"]
[SourceTitle "CBM 137 Extra"]
[Source "ChessBase"]
[SourceDate "2010.09.01"]
[SourceVersion "1"]
[SourceVersionDate "2010.09.01"]
[SourceQuality "1"]

1. d4 g6 2. g3 Bg7 3. Bg2 c6 4. Nf3 d6 5. 0-0 Nd7 6. c4 Ngf6 7. Nc3 0-0 8. Bf4 Qc7 9. c5 Nh5 10. cxd6 exd6 11. d5 Nxf4 12. gxf4 c5 13. Nd2 a6 14. a4 b6 15. Nc4 f5 16. f3 Rb8 17. Qb3 Nf6 18. e4 Nh5 19. e5 Nxf4 20. exd6 Qf7 21. Nxb6 c4 22. Qxc4 Nxg2 23. d7 Bxd7 24. Nxd7 Qxd7 25. Kxg2 Rxb2+ 26. Ne2 Qc8 27. Qd3 Qc2 28. Qxc2 Rxc2 29. Rae1 Bc3 30. Kg3 Bxe1+ 31. Rxe1 Re8 32. Nd4 Rxe1 33. Nxc2 Rd1 34. Ne3 Rd4 35. a5 f4+ 0-1